America as a civilization / (Record no. 23385)
[ view plain ]
| 000 -LEADER | |
|---|---|
| fixed length control field | 00752nam a22002411a 4500 |
| 001 - CONTROL NUMBER | |
| control field | 23385 |
| 003 - CONTROL NUMBER IDENTIFIER | |
| rucl marc code | BD-RjUL |
| 005 - DATE AND TIME OF LATEST TRANSACTION | |
| control field | 20211209000925.0 |
| 008 - FIXED-LENGTH DATA ELEMENTS--GENERAL INFORMATION | |
| fixed length control field | 140310s1957 ii b 001 0 eng d |
| 035 ## - SYSTEM CONTROL NUMBER | |
| System control number | (BD-RjUL)23450 |
| 040 ## - CATALOGING SOURCE | |
| Original cataloging agency | LC |
| Language of cataloging | eng |
| Transcribing agency | LC |
| Modifying agency | ABN:1 |
| -- | BD-RjUL |
| 041 ## - LANGUAGE CODE | |
| Language code of text/sound track or separate title | eng |
| 082 04 - DEWEY DECIMAL CLASSIFICATION NUMBER | |
| Classification number | 917.3 |
| Author mark and year | LEA V-2 1957 |
| 100 1# - MAIN ENTRY--PERSONAL NAME | |
| Personal name | Lerner, Max, |
| Dates associated with a name | 1902-1992. |
| 9 (RLIN) | 72027 |
| 245 10 - TITLE STATEMENT | |
| Title | America as a civilization / |
| Statement of responsibility, etc. | Max Lerner. |
| Number of part/section of a work | Volume Two : |
| Name of part/section of a work | culture and personality. |
| 260 ## - PUBLICATION, DISTRIBUTION, ETC. (IMPRINT) | |
| Place of publication, distribution, etc. | Bombay : |
| Name of publisher, distributor, etc. | Allied Publishers Pvt. Ltd., |
| Date of publication, distribution, etc. | 1957. |
| 300 ## - PHYSICAL DESCRIPTION | |
| Pagination | xi, 463-1010 p. ; |
| Size | 21 cm. |
| 504 ## - BIBLIOGRAPHY, ETC. NOTE | |
| Bibliography, etc | Includes index. |
| 650 #0 - SUBJECT ADDED ENTRY--TOPICAL TERM | |
| Topical term or geographic name as entry element | National characteristics, American. |
| 9 (RLIN) | 51807 |
| 651 #0 - SUBJECT ADDED ENTRY--GEOGRAPHIC NAME | |
| Geographic name | United States |
| General subdivision | Civilization. |
| 9 (RLIN) | 72028 |
| 942 ## - ADDED ENTRY ELEMENTS (KOHA) | |
| Source of classification or shelving scheme | Dewey Decimal Classification |
| Koha item type | Books |
| Lost status | Source of classification or shelving scheme | Damaged status | Not for loan | Collection code | Permanent Location | Current Location | Shelving location | Date acquired | Source of acquisition | Total Checkouts | Full call number | Date last seen | Copy number | Koha item type |
|---|---|---|---|---|---|---|---|---|---|---|---|---|---|---|
| Dewey Decimal Classification | Added to bundle | Non-fiction | Central Library, University of Rajshahi | Central Library, University of Rajshahi | Reading Room | 10/07/1976 | U.S.I.S, Dacca, Gift. | 917.3 LEA V-2 1957 | 10/03/2014 | C-1 | Books |